Statistics for Name The Historical Flag

Click here to take the quiz!

General Stats

  • This quiz has been taken 53 times
    (44 since last reset)
  • The average score is 16 of 23

Answer Stats

Answer% Correct
Prussia
86%
Roman Empire
86%
Libya
83%
Great Britain
79%
Union of Soviet Socialist Republics
76%
Yugoslavia
76%
Austria-Hungary
72%
Qing Dynasty
72%
Union of South Africa
72%
Empire of Japan
69%
Mexican Empire
69%
Ottoman Empire
69%
Portuguese Empire
69%
Third Reich
69%
British Raj
66%
Dutch Empire
66%
Spanish Empire
66%
France
62%
Hellenic Republic
62%
Kalmar Union
59%
Mongol Empire
59%
Polish-Lithuanian Commonwealth
59%
Gran Colombia
52%

Score Distribution

Percentile by Number Answered

Percent of People with Each Score

Your Score History

You have not taken this quiz since the last reset